00550nam a2200145Ia 4500008004100000024004700041082001800088100006000106245002900166260002500195600002100220650003800241952010800279999001700387250506s9999 xx 000 0 und d a02A-BCS3-18, 02A-BCS3-35 & 02A-BCS3-40 a647.94072 SYE aSyed Waqas Ahmed, Mubashir Qavi & Muhammad Hammad Ahsan 0aHotel Reservation System aKarachi:bUIT,c2002 aComputer Science aBachelor of Computer Science (BS) 001040708PR-CSaUITUbUITUd2022-07-26l0o647.94072 SYEpBS-89r2025-05-06 11:34:06w2025-05-06yPR c27650d27650